| Поле | Инд. | ПП | Название | Значение |
|---|---|---|---|---|
| Тип записи | a | |||
| Библиографический уровень | m | |||
| 001 | Контрольный номер | e4a1eb4eafcf4ffebe1a4b6caeabe36b | ||
| 005 | Дата корректировки | 20240614104743.0 | ||
| 084 | a | Индекс другой классификации/Индекс ББК | 65 | |
| 097 | b | Оператор | Максимова | |
| 245 | 10 | a | Заглавие | Справочник руководителя учреждения культуры |
| n | Номер части/ раздела | 6 | ||
| 260 | c | Дата издания | 2024 | |
| 900 | a | Имя макрообъекта | 0000003760521 | |
| 901 | t | Тип документа | s |